Statistics for The 7 Supermajors - Oil Companies

Click here to take the quiz!

General Stats

  • This quiz has been taken 67 times
  • The average score is 5 of 9

Answer Stats

supermajor% Correct
BP
93%
Shell
93%
Chevron
72%
ExxonMobil
72%
Total
62%
Eni
29%
Sinopec
28%
ConocoPhillips
24%
CNPC
10%

Score Distribution

Percentile by Number Answered

Percent of People with Each Score

Your Score History

You have not taken this quiz